00701cam a22002177a 4500003000500000005001700005008004100022010001000063011001000073035001000083040000900093100002300102245003400125260006100159300001800220490007300238650001600311650002600327710005700353830007300410CHAP20220329134132.0971013s1981 r 00010 d a15945 a16917 a20999 cCHAP00aGuerrero P., Rudy. 0aLuchemos contra la brucelosis a(s.l.) :bMinisterio de Agricultura y Ganadería,c1981 a12 p.b: ilus 0aMinisterio de Agricultura y Ganadería. Boletín divulgativov; 7614aBrucelosis.14aGanadoxEnfermedades.0 aCosta Rica. Ministerio de Agricultura y Ganadería.0 aMinisterio de Agricultura y Ganadería. Boletín divulgativov; 76